Biblioteka Instytutu Północnego w Olsztynie

O kształtach wsi w Polsce i ich rozmieszczeniu / (Rekord nr 27546)

Szczegóły MARC
000 -Nagłówek
fixed length control field 01649cam a2200373 i 4500
001 - Nr kontrolny bibl., która utworzyła rek.
control field zz2004906840
003 - Siglum bibl., której nr kontr. jest w 001
control field NUKAT
005 - Data i czas ostatniej operacji
control field 20260411213722.0
008 - Elementy pola stałej długości
fixed length control field 040513s1926 pl a |000 0 pol c
035 ## - Systemowy numer kontrolny
systemowy numer kontrolny (OCoLC)1412962530
035 ## - Systemowy numer kontrolny
systemowy numer kontrolny (NUKAT)zz2004906840
040 ## - Instytucja sporządzająca opis
Instytucja, która sporządziła opis KR U/AK
język katalgowania-trzyzn. kod pol
zasady opisu rda
Instytucja, która sporządziła rekord KR U/AK
Instytucja, która zmodyfikowała rekord KR U/AK
-- KIEL 010/HLs
-- KR PAU/AS
-- WA U/96ak
-- WR O/JG
-- KR 048/AS
041 0# - Kod nazwy języka dokumentu
Język tekstu pol
Język streszczeń fre
100 1# - Hasło główne-nazwa osobowa
Nazwa osobowa Zaborski, Bogdan
Daty biograficzne (1901-1985).
rodzaj współpracy Autor
9 (RLIN) 39894
245 10 - Tytuł właściwy i oznaczenie odpow.
tytuł O kształtach wsi w Polsce i ich rozmieszczeniu /
dod. inf. ze s. tyt./ozn. odpow. Bogdan Zaborski.
260 ## - Adres wydawniczy
miejsce wydania, dystrybucji itp. Kraków :
nazwa wydawcy, dystrybutora itp. nakładem Polskiej Akademji Umiejętności,
data wydania, dystrybucji itp. 1926
miejsce druku (Kraków :
nazwa drukarni Drukarnia Uniwersytetu Jagiellońskiego pod zarządem Józefa Filipowskiego).
300 ## - Opis fizyczny
objętość i/lub forma materiału 121, [1] stron, [1] karta złożona :
inne szczegóły opisu fizycznego ilustracje ;
format 24 cm.
336 ## - Content Type
Term Tekst
Code txt
Source rdacontent
337 ## - Media Type
Term Bez urządzenia pośredniczącego
Code n
Source rdamedia
338 ## - Carrier Type
Term Wolumin
Code nc
Source rdacarrier
380 ## - Form of work
Form of work Książki
490 1# - Tytuł serii i ks. wielotom.-nie do wysz.
oznaczenie serii Prace Komisji Etnograficznej Polskiej Akademii Umiejętności ;
numer woluminu nr 1
504 ## - Uwaga o bibliografii
uwaga o bibliografii Bibliografia na stronach 109-117.
546 ## - Uwaga o języku opisywanego materiału
uwaga o języku Streszczenie francuskie.
650 #7 - Hasło przedmiotowe-nazwa pospolita
nazwa pospolita lub geogr. Ruralistyka
źródło hasła DBN
9 (RLIN) 39895
650 #7 - Hasło przedmiotowe-nazwa pospolita
nazwa pospolita lub geogr. Wsie
źródło hasła DBN
9 (RLIN) 36408
650 #7 - Hasło przedmiotowe-nazwa pospolita
nazwa pospolita lub geogr. Geografia wsi
określnik geograficzny Polska.
źródło hasła kaba
9 (RLIN) 39896
650 #7 - Hasło przedmiotowe-nazwa pospolita
nazwa pospolita lub geogr. Osadnictwo człowieka
określnik geograficzny Polska
określnik rzeczowy historia.
źródło hasła kaba
9 (RLIN) 39897
650 #7 - Hasło przedmiotowe-nazwa pospolita
nazwa pospolita lub geogr. Architektura wiejska
określnik geograficzny Polska
określnik rzeczowy historia.
źródło hasła kaba
9 (RLIN) 39898
710 2# - Hasło dodatkowe - nazwa ciała zbior.
nazwa ciała zbior. lub nazwa geogr. Polska Akademia Umiejętności (1919-1952).
rodzaj współpracy Nakładca
9 (RLIN) 1634
710 2# - Hasło dodatkowe - nazwa ciała zbior.
nazwa ciała zbior. lub nazwa geogr. Drukarnia Uniwersytetu Jagiellońskiego.
rodzaj współpracy Druk
kod rodzaju współpracy prt
9 (RLIN) 536
830 #0 - Hasło dod. serii i op. ks. wielotom. -tyt
tytuł Prace Komisji Etnograficznej Polskiej Akademii Umiejętności
oznaczenie tomu nr 1
9 (RLIN) 13246
942 ## - ADDED ENTRY ELEMENTS (KOHA)
Source of classification or shelving scheme Dewey Decimal Classification
Koha item type pozycje dostępne na miejscu
Egzemplarze
Status wycofania Status zagubienia Klasyfikacja Status uszkodzenia Blokada wypożyczeń Kolekcja Lokalizacja macierzysta Lokalizacja bieżąca Data nabycia Numer akcesji Źródło akcesji Nr inwentarzowy il. wypożyczeń Sygnatura Kod kreskowy Date last seen Price effective from Typ egz.
    Dewey Decimal Classification nieuszkodzona   Pracownia Badań Księgozbiorów Historycznych Biblioteka Instytutu Północnego w Olsztynie Pracownia Badań Księgozbiorów Historycznych 11/04/2026 D-42/1964 dar 15801   15801 IPWK22141 11/04/2026 11/04/2026 pozycje dostępne na miejscu
Biblioteka Instytutu Północnego, ul. Partyzantów 87, 10-402 Olsztyn, email: biblioteka(at)ip.olsztyn.pl